| 000 | 01200nam a22002057a 4500 | ||
|---|---|---|---|
| 999 |
_c162702 _d162702 |
||
| 005 | 20200717125607.0 | ||
| 010 | _a1819HN15 B-734086-090 | ||
| 020 |
_c300.00 _a9788192518145 |
||
| 035 | _aB-734086-090 | ||
| 037 | _bराष्ट्रीय पुस्तक सदन | ||
| 082 | _a320.0954 | ||
| 100 | _aमिश्र,भरत 'प्राची' | ||
| 245 |
_aसत्ता, मुद्दा और राजनीति / _cभरत मिश्र 'प्राची' |
||
| 260 |
_aदिल्ली _bराष्ट्रीय पुस्तक सदन _c2020 |
||
| 270 |
_a6/111, गली नं. 5, विश्वास नगर, शाहदरा, _bदिल्ली _e110032 |
||
| 300 |
_a104पृ. _c22सेमी(सजिल्द) |
||
| 500 | _aAIRPORT | ||
| 942 |
_2ddc _cHN _mमिश्रभ _h320.0954 |
||